Elected President and Vice President Quiz Stats

 Plays Quiz Updated Apr 19, 2016

Score 0/9 Timer 01:30
1 Play Today
Candidate % Correct
George H. W. Bush
91.8%
John Adams
87.4%
Lyndon B. Johnson
85.5%
Thomas Jefferson
80.1%
Richard Nixon
77.3%
Theodore Roosevelt
74.8%
Harry S. Truman
69.8%
Calvin Coolidge
52.7%
Martin Van Buren
40.1%

You're not logged in!

Compare scores with friends on all Sporcle quizzes.
OR
Log In

Show Comments

Extras

Top Quizzes Today


Score Distribution

Your Account Isn't Verified!

In order to create a playlist on Sporcle, you need to verify the email address you used during registration. Go to your Sporcle Settings to finish the process.

Report this User

Report this user for behavior that violates our Community Guidelines.

Details: